Wymień państwa Europy po pierwszej literze - Statystyki

Ogólne statystyki
  • Ten quiz został rozwiązany 185 razy
  • Średni wynik to 18 z 19
Statystyki odpowiedzi
Hint Odpowiedź % Poprawnych
B Belgia, Białoruś, Bośnia i Hercegowina, Bułgaria
99%
A Albania, Andora, Austria
98%
C Chorwacja, Czarnogóra, Czechy
98%
F Finlandia, Francja
97%
D Dania
96%
L Liechtenstein, Litwa, Luksemburg
96%
Ł Łotwa
96%
P Polska, Portugalia
96%
M Macedonia Północna, Malta, Mołdawia, Monako
95%
S San Marino, Serbia, Słowacja, Słowenia, Szwajcaria, Szwecja
95%
H Hiszpania, Holandia
94%
N Niemcy, Norwegia
94%
R Rosja, Rumunia
94%
W Watykan, Węgry, Wielka Brytania, Włochy
94%
E Estonia
93%
G Grecja
92%
I Irlandia, Islandia
90%
K Kosowo
84%
U Ukraina
84%
Nie znaleziono quizów pasujących do podanych kryteriów
Rozkład punktacji
Procent ludzi z każdym wynikiem
Percentyl według liczby udzielonych odpowiedzi
Twoja historia wyników
Nie rozwiązałeś tego quizu